Random World Capitals Quiz - Statistics

General Stats
  • This quiz has been taken 35 times
  • The average score is 140 of 196
Answer Stats
Country Capital % Correct
Algeria Algiers
82%
Jordan Amman
82%
Netherlands Amsterdam
82%
Andorra Andorra la Vella
82%
Turkey Ankara
82%
Turkmenistan Ashgabat
82%
Iraq Baghdad
82%
Azerbaijan Baku
82%
Thailand Bangkok
82%
China Beijing
82%
Lebanon Beirut
82%
Germany Berlin
82%
Switzerland Bern
82%
Kyrgyzstan Bishkek
82%
Colombia Bogotá
82%
Brazil Brasília
82%
Belgium Brussels
82%
Argentina Buenos Aires
82%
Venezuela Caracas
82%
Moldova Chișinău
82%
Denmark Copenhagen
82%
Syria Damascus
82%
Bangladesh Dhaka
82%
Tajikistan Dushanbe
82%
Vietnam Hanoi
82%
Zimbabwe Harare
82%
Cuba Havana
82%
Finland Helsinki
82%
Pakistan Islamabad
82%
Indonesia Jakarta
82%
Israel Jerusalem
82%
Afghanistan Kabul
82%
Jamaica Kingston
82%
Malaysia Kuala Lumpur
82%
Ukraine Kyiv
82%
Bolivia La Paz / Sucre
82%
Peru Lima
82%
Slovenia Ljubljana
82%
Luxembourg Luxembourg
82%
Spain Madrid
82%
Maldives Malé
82%
Philippines Manila
82%
Mexico Mexico City
82%
Belarus Minsk
82%
Uruguay Montevideo
82%
Russia Moscow
82%
India New Delhi
82%
Norway Oslo
82%
Canada Ottawa
82%
Panama Panama City
82%
France Paris
82%
Haiti Port-au-Prince
82%
South Africa Pretoria / Cape Town / Bloemfontein
82%
North Korea Pyongyang
82%
Ecuador Quito
82%
Iceland Reykjavík
82%
Latvia Riga
82%
Saudi Arabia Riyadh
82%
Italy Rome
82%
Yemen Sana'a
82%
El Salvador San Salvador
82%
Chile Santiago
82%
Dominican Republic Santo Domingo
82%
South Korea Seoul
82%
Bulgaria Sofia
82%
Sweden Stockholm
82%
Taiwan Taipei
82%
Estonia Tallinn
82%
Georgia Tbilisi
82%
Iran Tehran
82%
Albania Tirana
82%
Japan Tokyo
82%
Mongolia Ulaanbaatar
82%
Liechtenstein Vaduz
82%
Vatican City Vatican City
82%
Laos Vientiane
82%
United States Washington D.C.
82%
New Zealand Wellington
82%
Armenia Yerevan
82%
Croatia Zagreb
82%
United Arab Emirates Abu Dhabi
73%
Ethiopia Addis Ababa
73%
Eritrea Asmara
73%
Kazakhstan Astana
73%
Greece Athens
73%
Serbia Belgrade
73%
Guinea-Bissau Bissau
73%
Slovakia Bratislava
73%
Congo (Rep. of.) Brazzaville
73%
Barbados Bridgetown
73%
Romania Bucharest
73%
Hungary Budapest
73%
Egypt Cairo
73%
Australia Canberra
73%
Guinea Conakry
73%
Senegal Dakar
73%
East Timor Dili
73%
Qatar Doha
73%
Ireland Dublin
73%
Guyana Georgetown
73%
South Sudan Juba
73%
Nepal Kathmandu
73%
Sudan Khartoum
73%
Kuwait Kuwait City
73%
Portugal Lisbon
73%
United Kingdom London
73%
Angola Luanda
73%
Bahrain Manama
73%
Somalia Mogadishu
73%
Monaco Monaco
73%
Oman Muscat
73%
Kenya Nairobi
73%
Bahamas Nassau
73%
Myanmar Naypyidaw
73%
Chad N'Djamena
73%
Niger Niamey
73%
Cyprus Nicosia
73%
Mauritania Nouakchott
73%
Burkina Faso Ouagadougou
73%
Cambodia Phnom Penh
73%
Papua New Guinea Port Moresby
73%
Kosovo Pristina
73%
Morocco Rabat
73%
San Marino San Marino
73%
São Tomé & Principe São Tomé
73%
Bosnia & Herzegovina Sarajevo
73%
Singapore Singapore
73%
North Macedonia Skopje
73%
Sri Lanka Sri Jayawardenepura Kotte
73%
Uzbekistan Tashkent
73%
Honduras Tegucigalpa
73%
Bhutan Thimphu
73%
Libya Tripoli
73%
Tunisia Tunis
73%
Malta Valletta
73%
Seychelles Victoria
73%
Austria Vienna
73%
Lithuania Vilnius
73%
Poland Warsaw
73%
Namibia Windhoek
73%
Ivory Coast Yamoussoukro
73%
Cameroon Yaoundé
73%
Nigeria Abuja
64%
Ghana Accra
64%
Madagascar Antananarivo
64%
Paraguay Asunción
64%
Brunei Bandar Seri Begawan
64%
Gambia Banjul
64%
Belize Belmopan
64%
Djibouti Djibouti
64%
Tanzania Dodoma
64%
Sierra Leone Freetown
64%
Botswana Gaborone
64%
Guatemala Guatemala City
64%
Uganda Kampala
64%
Rwanda Kigali
64%
Congo (Dem. Rep.) Kinshasa
64%
Malawi Lilongwe
64%
Togo Lomé
64%
Zambia Lusaka
64%
Nicaragua Managua
64%
Eswatini Mbabane
64%
Suriname Paramaribo
64%
Czech Republic Prague
64%
Dominica Roseau
64%
Antigua & Barbuda Saint John's
64%
Fiji Suva
64%
Samoa Apia
55%
Mali Bamako
55%
St. Lucia Castries
55%
Equatorial Guinea Ciudad de la Paz
55%
Tuvalu Funafuti
55%
Gabon Libreville
55%
Liberia Monrovia
55%
Palau Ngerulmud
55%
Montenegro Podgorica
55%
Trinidad & Tobago Port-of-Spain
55%
Vanuatu Port Vila
55%
Costa Rica San José
55%
Central African Republic Bangui
45%
St. Kitts & Nevis Basseterre
45%
Solomon Islands Honiara
45%
St. Vincent & Grenadines Kingstown
45%
Marshall Islands Majuro
45%
Mozambique Maputo
45%
Lesotho Maseru
45%
Comoros Moroni
45%
Tonga Nukuʻalofa
45%
Mauritius Port Louis
45%
Benin Porto-Novo / Cotonou
45%
Cape Verde Praia
45%
Grenada Saint George's
45%
Kiribati South Tarawa
45%
Nauru Yaren
45%
Burundi Gitega
36%
Micronesia (Fed. States) Palikir
27%
No matching quizzes found
Score Distribution
Percent of People with Each Score
Percentile by Number Answered
Your Score History
You have not taken this quiz